Fr. Conceicao Rodrigues College of Engineering

Web engineering :Modelling and implementing (Record no. 27157)

MARC details
000 -LEADER
fixed length control field 00380nam a2200169Ia 4500
082 ## - DEWEY DECIMAL CLASSIFICATION NUMBER
Classification number 4.65
Item number ROS
100 ## - MAIN ENTRY--PERSONAL NAME
Personal name Rossi/Gustavo
245 ## - TITLE STATEMENT
Title Web engineering :Modelling and implementing
260 ## - PUBLICATION, DISTRIBUTION, ETC.
Name of publisher, distributor, etc. Springer
Date of publication, distribution, etc. 2008
366 ## - TRADE AVAILABILITY INFORMATION
Publishers's discount category 25
300 ## - PHYSICAL DESCRIPTION
Extent 461
546 ## - LANGUAGE NOTE
Language note ENGLISH
-- electronics
650 ## - SUBJECT ADDED ENTRY--TOPICAL TERM
Topical term or geographic name entry element Web engineering
654 ## - SUBJECT ADDED ENTRY--FACETED TOPICAL TERMS
Focus term web engineering
942 ## - ADDED ENTRY ELEMENTS (KOHA)
Koha item type BOOK
Holdings
Withdrawn status Lost status Damaged status Not for loan Collection Home library Current library Date acquired Source of acquisition Cost, normal purchase price Inventory number Total Checkouts Full call number Barcode Date last seen Cost, replacement price Price effective from Koha item type
        CRC Fr. Agnel's C.Rodrigues College of Engineering Fr. Agnel's C.Rodrigues College of Engineering 17/03/2023 ANE BOOKS 393.75 17 dt 30/04/2011   4.65 ROS 21719 17/03/2023 525.00   BOOK